|
|
|
|
| LEADER |
01902cas a2200253 a 4500 |
| 001 |
AALejournalIMF001613 |
| 008 |
230101c9999 xx r poo 0 0eng d |
| 020 |
|
|
|c 5.00 USD
|
| 020 |
|
|
|z 9781451851823
|
| 022 |
|
|
|a 1018-5941
|
| 040 |
|
|
|a BD-DhAAL
|c BD-DhAAL
|
| 100 |
1 |
|
|a Schmukler, Sergio.
|
| 245 |
1 |
0 |
|a Globalization and Firms' Financing Choices :
|b Evidence From Emerging Economies /
|c Sergio Schmukler, Esteban Vesperoni.
|
| 264 |
|
1 |
|a Washington, D.C. :
|b International Monetary Fund,
|c 2001.
|
| 300 |
|
|
|a 1 online resource (26 pages)
|
| 490 |
1 |
|
|a IMF Working Papers
|
| 500 |
|
|
|a <strong>Off-Campus Access:</strong> No User ID or Password Required
|
| 500 |
|
|
|a <strong>On-Campus Access:</strong> No User ID or Password Required
|
| 506 |
|
|
|a Electronic access restricted to authorized BRAC University faculty, staff and students
|
| 520 |
3 |
|
|a This paper studies the relation between firm's financing choices and financial globalization. Using an East Asian and Latin American firm-level panel for the 1980s and 1990s, we study how leverage ratios, debt maturity structure, and sources of financing change when economies are liberalized and when firms access international capital markets. We find that debt-equity ratios do not increase after financial liberalization. Debt maturity shortens for the average firm when countries undertake financial liberalization. However, domestic firms that actually participate in international capital markets extend their debt maturity. Financial liberalization has less effects on firms from countries with more developed domestic financial systems. Leverage ratios increase during crises.
|
| 538 |
|
|
|a Mode of access: Internet
|
| 700 |
1 |
|
|a Vesperoni, Esteban.
|
| 830 |
|
0 |
|a IMF Working Papers; Working Paper ;
|v No. 2001/095
|
| 856 |
4 |
0 |
|z Full text available on IMF
|u http://elibrary.imf.org/view/journals/001/2001/095/001.2001.issue-095-en.xml
|z IMF e-Library
|